[Event "La Laguna op"]
[Site "La Laguna"]
[Date "2013.10.26"]
[Round "4"]
[White "Zamanillo Iranzo, Jose Ignacio"]
[Black "Pozo Vinuesa, Ana"]
[Result "0-1"]
[WhiteElo "1725"]
[BlackElo "1432"]
[PlyCount "64"]
[EventDate "2013.10.21"]
[EventType "swiss"]
[EventRounds "7"]
[EventCountry "ESP"]
[SourceTitle "EXT 2014"]
[Source "ChessBase"]
[SourceDate "2013.11.20"]
[SourceVersion "1"]
[SourceVersionDate "2013.11.20"]
[SourceQuality "1"]

1. e4 c5 2. Nf3 Nc6 3. d4 cxd4 4. Nxd4 g6 5. Nc3 Bg7 6. Be3 Nf6 7. Bc4 0-0 8. f3 Qb6 9. Bb3 Nxe4 10. Nxe4 Nxd4 11. Qd3 Qa5+ 12. Bd2 Qc7 13. 0-0-0 a5 14. a4 Qe5 15. Bc3 Nxb3+ 16. cxb3 Qc7 17. Kb1 Bxc3 18. Nxc3 d6 19. Ka2 Be6 20. Nb5 Qc5 21. Rc1 Qb4 22. g4 Qxa4+ 23. Kb1 Bxb3 24. Nc3 Qb4 25. Rhe1 a4 26. Re4 Qb6 27. Rxe7 a3 28. Re2 Ra5 29. Rce1 Rfa8 30. Re8+ Rxe8 31. Rxe8+ Kg7 32. Qe3 Ba2+ 0-1

[Event "La Laguna op"]
[Site "La Laguna"]
[Date "2013.10.25"]
[Round "3"]
[White "Perez Castro, Victor"]
[Black "Zamanillo Iranzo, Jose Ignacio"]
[Result "0-1"]
[WhiteElo "1245"]
[BlackElo "1725"]
[PlyCount "66"]
[EventDate "2013.10.21"]
[EventType "swiss"]
[EventRounds "7"]
[EventCountry "ESP"]
[SourceTitle "EXT 2014"]
[Source "ChessBase"]
[SourceDate "2013.11.20"]
[SourceVersion "1"]
[SourceVersionDate "2013.11.20"]
[SourceQuality "1"]

1. e4 e5 2. Nf3 Nc6 3. Bb5 a6 4. Ba4 Nf6 5. c3 b5 6. Bc2 d6 7. d4 Be7 8. d5 Na5 9. 0-0 0-0 10. Nbd2 Bd7 11. Re1 c5 12. b4 cxb4 13. cxb4 Nb7 14. Nf1 Re8 15. h3 a5 16. bxa5 Nxa5 17. Bd3 Nc4 18. Bxc4 bxc4 19. Qc2 Qc7 20. N3d2 Rec8 21. Ne3 c3 22. Nb1 Qa5 23. Nd1 Ba4 24. Qd3 c2 25. Bd2 Qc7 26. Ne3 cxb1Q 27. Qxb1 Rab8 28. Qd3 Bb5 29. Qa3 Nxe4 30. Bc1 Qc3 31. Qxc3 Nxc3 32. Kh2 Bc4 33. Nf5 Bf8 0-1

[Event "Tenerife-chT-A1"]
[Site "Tenerife"]
[Date "2013.03.09"]
[Round "7.2"]
[White "Zamanillo Iranzo, Jose Ignacio"]
[Black "De Castro de Leon, Jorge"]
[Result "1-0"]
[WhiteElo "1738"]
[BlackElo "1566"]
[PlyCount "73"]
[EventDate "2013.01.19"]
[EventType "team-tourn"]
[EventRounds "14"]
[EventCountry "ESP"]
[SourceTitle "EXT 2014"]
[Source "ChessBase"]
[SourceDate "2013.11.20"]
[SourceVersion "1"]
[SourceVersionDate "2013.11.20"]
[SourceQuality "1"]
[WhiteTeam "La Victoria 94"]
[BlackTeam "Valledrez"]
[WhiteTeamCountry "ESP"]
[BlackTeamCountry "ESP"]

1. e4 c5 2. Nf3 e6 3. d4 cxd4 4. Nxd4 Nf6 5. Bd3 Nc6 6. Be3 a6 7. a3 Qc7 8. Nc3 Be7 9. 0-0 0-0 10. Nxc6 bxc6 11. f4 d6 12. Qf3 Rb8 13. Rab1 Bb7 14. Qg3 d5 15. e5 Nd7 16. Qh3 h6 17. b4 c5 18. Bd2 d4 19. Nd1 c4 20. Be2 Be4 21. Rc1 a5 22. c3 d3 23. Bf3 Bc6 24. Ne3 Ba4 25. Ng4 f5 26. exf6 Nxf6 27. Rfe1 Bd7 28. Ne5 axb4 29. cxb4 Rb6 30. Rxc4 Qa7 31. Be3 d2 32. Rd1 Qxa3 33. Bxb6 Bd8 34. Nxd7 Bxb6+ 35. Nxb6 Qe3+ 36. Kf1 g5 37. Rc8 1-0

[Event "Tenerife-chT-A1"]
[Site "Tenerife"]
[Date "2013.01.26"]
[Round "2.1"]
[White "Machin Arbelo, Pedro Alexis"]
[Black "Zamanillo Iranzo, Jose Ignacio"]
[Result "1-0"]
[WhiteElo "2077"]
[BlackElo "1738"]
[PlyCount "111"]
[EventDate "2013.01.19"]
[EventType "team-tourn"]
[EventRounds "14"]
[EventCountry "ESP"]
[SourceTitle "EXT 2014"]
[Source "ChessBase"]
[SourceDate "2013.11.20"]
[SourceVersion "1"]
[SourceVersionDate "2013.11.20"]
[SourceQuality "1"]
[WhiteTeam "La Gomera"]
[BlackTeam "La Victoria 94"]
[WhiteTeamCountry "ESP"]
[BlackTeamCountry "ESP"]

1. d4 Nf6 2. Nc3 d5 3. Bg5 e6 4. e4 dxe4 5. Nxe4 Be7 6. Ng3 Nbd7 7. Nf3 h6 8. Bf4 Nd5 9. Be5 0-0 10. Bd3 N5f6 11. Qe2 c5 12. 0-0-0 Qa5 13. Kb1 cxd4 14. Bxd4 a6 15. Ne4 e5 16. Bc3 Qc7 17. Rhe1 Rb8 18. Nxf6+ Bxf6 19. Nxe5 Re8 20. f4 b5 21. Qh5 Bxe5 22. Bxe5 Nxe5 23. Rxe5 Rxe5 24. Qxe5 Qxe5 25. fxe5 Be6 26. Be4 Kf8 27. Rd6 a5 28. Ra6 a4 29. a3 Rd8 30. Kc1 Rd4 31. Bd3 Rd5 32. Rb6 Rxe5 33. Rxb5 Re1+ 34. Kd2 Rg1 35. Be4 Ke7 36. Rb4 Bd7 37. Ke3 f5 38. Bf3 g5 39. h3 h5 40. c3 g4 41. hxg4 fxg4 42. Be4 h4 43. Rd4 h3 44. gxh3 gxh3 45. Rd2 Re1+ 46. Kf4 Bb5 47. Bf3 Re6 48. Bg4 Rh6 49. Kg3 h2 50. Rxh2 Rxh2 51. Kxh2 Kd6 52. Kg3 Kc5 53. Kf4 Bf1 54. Ke3 Bg2 55. Bd7 Bc6 56. Bxc6 1-0

[Event "Tenerife Cristo Centenario op"]
[Site "Tenerife "]
[Date "2010.09.26"]
[Round "7"]
[White "Alvarez Diaz, Victor Alfonso"]
[Black "Zamanillo Iranzo, Jose Ignacio"]
[Result "1/2-1/2"]
[WhiteElo "1966"]
[BlackElo "1747"]
[PlyCount "120"]
[EventDate "2010.09.20"]
[EventType "swiss"]
[EventRounds "9"]
[EventCountry "ESP"]
[SourceTitle "EXT 2013"]
[Source "ChessBase"]
[SourceDate "2012.11.22"]
[SourceVersion "1"]
[SourceVersionDate "2012.11.22"]
[SourceQuality "1"]

1. e4 e5 2. Nf3 Nc6 3. Bb5 a6 4. Ba4 Nf6 5. 0-0 b5 6. Bb3 Be7 7. Re1 d6 8. c3 0-0 9. h3 Na5 10. Bc2 c5 11. d3 Re8 12. Nbd2 Bd7 13. Nf1 Nb7 14. g4 h6 15. Ng3 Nh7 16. Kh2 Ng5 17. Nf5 Bf8 18. Nxg5 hxg5 19. Be3 g6 20. Ng3 Bg7 21. Qd2 Bf6 22. Kg2 Qe7 23. Ne2 Nd8 24. Bb3 Ne6 25. Bxe6 Bxe6 26. Ng1 d5 27. Nf3 dxe4 28. dxe4 Rad8 29. Qc1 Qd7 30. Kg3 Kg7 31. Bxg5 Bxg5 32. Nxg5 f6 33. Nxe6+ Rxe6 34. Rd1 Rd6 35. Rxd6 Qxd6 36. Qc2 c4 37. Re1 Qd3+ 38. Qxd3 Rxd3+ 39. f3 Rd2 40. Rb1 g5 41. h4 gxh4+ 42. Kxh4 Kg6 43. a4 bxa4 44. Ra1 Rh2+ 45. Kg3 Rxb2 46. Rxa4 Kg5 47. Rxc4 Rd2 48. Rc8 a5 49. Rg8+ Kh6 50. f4 Rc2 51. Rc8 a4 52. fxe5 fxe5 53. Rc5 a3 54. Rxe5 Rxc3+ 55. Kf4 Rc1 56. Re6+ Kg7 57. Ra6 Ra1 58. Kg5 Kf7 59. Ra7+ Ke6 60. Ra5 a2 1/2-1/2

[Event "Tenerife Cristo Centenario op"]
[Site "Tenerife "]
[Date "2010.09.20"]
[Round "1"]
[White "Zamanillo Iranzo, Jose Ignacio"]
[Black "Villavicencio Martinez, Adalberto"]
[Result "0-1"]
[WhiteElo "1747"]
[BlackElo "2317"]
[PlyCount "56"]
[EventDate "2010.09.20"]
[EventType "swiss"]
[EventRounds "9"]
[EventCountry "ESP"]
[SourceTitle "EXT 2013"]
[Source "ChessBase"]
[SourceDate "2012.11.22"]
[SourceVersion "1"]
[SourceVersionDate "2012.11.22"]
[SourceQuality "1"]

1. e4 c5 2. Nf3 d6 3. d4 cxd4 4. Nxd4 Nf6 5. Nc3 a6 6. Bd3 g6 7. Be3 Bg7 8. h3 Nc6 9. a3 0-0 10. Qd2 Re8 11. Nf3 d5 12. exd5 Nxd5 13. Nxd5 Qxd5 14. Rb1 e5 15. Be2 Qxd2+ 16. Bxd2 e4 17. Nh2 Nd4 18. c3 Nxe2 19. Kxe2 Be6 20. f4 exf3+ 21. Kxf3 Bd5+ 22. Kf2 Bxg2 23. Kxg2 Re2+ 24. Kf3 Rxd2 25. Nf1 Rd3+ 26. Kg2 Re8 27. Kg1 Be5 28. Kg2 Bc7 0-1